Schodok zahraničného obchodu vlani klesol
Pokles schodku zahraničného obchodu SR v r. 2002. Deficit dosiahol približne deväť percent HDP. Nárast exportu. Dynamika dovozu a vývozu SR. Centrálna banka predpokladá ďalšiu redukciu obchodného deficitu v r. 2003.
Salvato in:
| Natura: | Capitolo di libro |
|---|---|
| Lingua: | slovacco |
| Soggetti: | |
| Tags: |
Nessun Tag, puoi essere il primo ad aggiungerne!!
|
MARC
| LEADER | 00000naa a2200000 4500 | ||
|---|---|---|---|
| 001 | r047794 | ||
| 005 | 20230921114710.3 | ||
| 041 | 0 | |a slo | |
| 044 | |a SK | ||
| 245 | 1 | 0 | |a Schodok zahraničného obchodu vlani klesol |
| 520 | |a Pokles schodku zahraničného obchodu SR v r. 2002. Deficit dosiahol približne deväť percent HDP. Nárast exportu. Dynamika dovozu a vývozu SR. Centrálna banka predpokladá ďalšiu redukciu obchodného deficitu v r. 2003. | ||
| 610 | 2 | 0 | |a obchod zahraničný |
| 610 | 2 | 0 | |a dovoz |
| 610 | 2 | 0 | |a vývoz |
| 610 | 2 | 0 | |a produkt domáci hrubý |
| 610 | 2 | 0 | |a deficit |
| 610 | 2 | 0 | |a Slovensko |
| 610 | 2 | 0 | |a 2002 |